ბათუმის შოთა რუსთაველის სახელმწიფო უნივერსიტეტის ბიბლიოთეკა

Показательная и логарифмическая функции (ბიბ.ჩანაწერი № 48127)

000 -LEADER
fixed length control field 00666nam a2200217Ia 4500
001 - CONTROL NUMBER
control field 15008
003 - CONTROL NUMBER IDENTIFIER
control field GE_BSU
008 - FIXED-LENGTH DATA ELEMENTS--GENERAL INFORMATION
fixed length control field 181216s||||||||xx |||||||||||||| ||und||
040 ## - CATALOGING SOURCE
Transcribing agency GE_BSU
080 ## - UNIVERSAL DECIMAL CLASSIFICATION NUMBER
Universal Decimal Classification number 519.662
100 ## - MAIN ENTRY--PERSONAL NAME
Personal name Бородуля, И.Т.
245 ## - TITLE STATEMENT
Title Показательная и логарифмическая функции
245 ## - TITLE STATEMENT
Remainder of title Задачи и упражнения
260 ## - PUBLICATION, DISTRIBUTION, ETC.
Place of publication, distribution, etc. Москва
260 ## - PUBLICATION, DISTRIBUTION, ETC.
Name of publisher, distributor, etc. Просвещение.
260 ## - PUBLICATION, DISTRIBUTION, ETC.
Date of publication, distribution, etc. 1984
300 ## - PHYSICAL DESCRIPTION
Extent 111стр.22см.
653 ## - INDEX TERM--UNCONTROLLED
Uncontrolled term Задачи и упражнения
653 ## - INDEX TERM--UNCONTROLLED
Uncontrolled term Показательная и логарифмическая функции
942 ## - ADDED ENTRY ELEMENTS (KOHA)
Koha item type წიგნი
ეგზემპლარები
Withdrawn status Lost status Damaged status Not for loan Date acquired Barcode Date last seen Price effective from Koha item type
        2018-12-17 15087 2018-12-17 2018-12-17 წიგნი